Biocompatibility and biodegradation analysis of Nile Tilapia gelatin and apatite membranes (Registro n. 298329)
[ somente texto ]
| 000 -LÍDER | |
|---|---|
| fixed length control field | 04879nab a2200325 i 4500 |
| 003 - CÓDIGO MARC DA AGÊNCIA CATALOGADORA | |
| Campo de controle | BR-BrBNA |
| 005 - DATA E HORA DA ÚLTIMA ATUALIZAÇÃO | |
| Campo de controle | 20240116094319.0 |
| 008 - CAMPO DE TAMANHO FIXO | |
| fixed length control field | 240116b2022 bl.ar|pooa||| 00| 0 eng | |
| 040 ## - FONTE DA CATALOGAÇÃO | |
| Agência catalogadora | BR-BrBNA |
| Idioma da catalogação | eng |
| 072 ## - CATEGORIA AGRIS | |
| Código AGRIS | Q70 |
| Código do objeto | 8134 |
| 100 ## - ENTRADA PRINCIPAL - NOME PESSOAL | |
| Nome pessoal | Sousa, Efigênia Maria de |
| 100 ## - ENTRADA PRINCIPAL - NOME PESSOAL | |
| Nome pessoal | Melo, Edla Freire de |
| 100 ## - ENTRADA PRINCIPAL - NOME PESSOAL | |
| Nome pessoal | Ribeiro, Hálisson Lucas |
| 100 ## - ENTRADA PRINCIPAL - NOME PESSOAL | |
| Nome pessoal | Feitosa, Judith Pessoa de Andrade |
| 100 ## - ENTRADA PRINCIPAL - NOME PESSOAL | |
| Nome pessoal | Souza-Filho, Men de Sá Moreira de |
| 100 ## - ENTRADA PRINCIPAL - NOME PESSOAL | |
| Nome pessoal | Melo, Marcelo Miranda de |
| 100 ## - ENTRADA PRINCIPAL - NOME PESSOAL | |
| Nome pessoal | Castro-Silva, Igor Iuco |
| 245 ## - TÍTULO PRINCIPAL | |
| Título principal | Biocompatibility and biodegradation analysis of Nile Tilapia gelatin and apatite membranes |
| 500 ## - NOTA GERAL | |
| Nota geral | Publicação online; 32 ref.; 4 tables; Summaries (En, Pt) |
| 942 ## - ADDED ENTRY ELEMENTS (KOHA) | |
| Koha item type | |
| 520 ## - NOTA DE RESUMO | |
| Nota de conteúdo | <br/><br/>ABSTRACT - Fish farming by-products could represent large-scale raw materials for xenogeneic implants that could be used for bone regeneration. The objective of this research was to analyze the biocompatibility and biodegradation of gelatin (G) and apatite (A) membranes from Nile tilapia. Adult male Swiss mice underwent subcutaneous implantation of biocomposites derived from skins and scales in different concentrations: 60%G:40%A (G1), 70%G:30%A (G2) and 80%G:20%A (G3). Commercial collagen membrane (C+) or implantless surgery (C–) were used as controls. Euthanasia was performed at 1, 3 or 9 weeks for histological analysis of the infl ammatory and repair criteria as well as the integrity of each material. The statistical analysis of non-parametric data was performed using the KruskalWallis test and post-hoc Dunn test, with p < 0.05. In vivo results during the experimental period demonstrated progressive improvement in biocompatibility, with G1 and G2 being slightly irritating and G3 non-irritating, just like C+. There were signifi cant differences between test and control groups regarding the presence of neutrophils, lymphocytes, macrophages, foreign body giant cells, neovascularization<br/>and connective tissue. There was also a decrease in the integrity of the implants, where G1 maintained greater stability than G3 and G2, but less than C+. All biocomposites proved to be biocompatible and partially biodegradable. G1 suggests greater potential for use as an osteopromoting membrane, with its biological performance associated with higher mineral concentration compared to the organic phase. Future long-term orthotopic studies will be conducted to investigate its osteopromoting action.<br/><br/><br/>Key words: Gelatin. Apatites. Biocompatible materials. Absorbable implants. |
| 520 ## - NOTA DE RESUMO | |
| Nota de conteúdo | <br/><br/>RESUMO - Subprodutos da piscicultura poderiam representar matéria-prima em larga escala para implantes xenógenos úteis à regeneração óssea. O objetivo desta pesquisa foi analisar a biocompatibilidade e a biodegradação de membranas de gelatina (G) e apatita (A) de tilápia do Nilo. Camundongos Swiss machos adultos foram submetidos a implante subcutâneo de biocompósitos derivados de peles e escamas em diferentes concentrações: 60%G:40%A (G1), 70%G:30%A (G2) e 80%G:20%A (G3). Como controles, foram usados membrana colágena comercial (C+) ou cirurgia sem implante (C–). Eutanásia foi realizada em 1, 3 ou 9 semanas para análise histológica de critérios inflamatórios, de reparo e integridade de cada material. A análise estatística dos dados não paramétricos foi realizada pelo teste de KruskalWallis e pós-teste de Dunn, com p < 0,05. Resultados in vivo durante o período experimental demonstraram melhora progressiva na biocompatibilidade, com G1 e G2 suavemente irritantes e G3 não irritante, tal como o C+. Houve diferenças significativas entre grupos teste e controles quanto a presença de neutrófilos, linfócitos, macrófagos, células gigantes do tipo corpo estranho, neovascularização e tecido conjuntivo. Ainda, houve decréscimo da integridade dos implantes, onde G1 manteve maior estabilidade do que G3 e G2, porém inferior ao C+. Todos os biocompósitos se mostraram biocompatíveis e parcialmente biodegradáveis. O G1 sugere maior potencial de uso como membrana osteopromotora, com seu desempenho biológico associado à maior concentração mineral frente à fase orgânica. Futuros estudos ortotópicos a longo prazo serão conduzidos para investigar sua ação osteopromotora. <br/><br/><br/>Palavras-chave: Gelatina. Apatitas. Materiais biocompatíveis. Implantes absorvíveis. |
| 650 ## - ASSUNTO - THESAGRO | |
| Cabeçalho tópico ou nome geográfico | TILÁPIA NILÓTICA |
| 650 ## - ASSUNTO - THESAGRO | |
| Cabeçalho tópico ou nome geográfico | PEIXE DE ÁGUA DOCE |
| 650 ## - ASSUNTO - THESAGRO | |
| Cabeçalho tópico ou nome geográfico | SUBPRODUTO |
| 650 ## - ASSUNTO - THESAGRO | |
| Cabeçalho tópico ou nome geográfico | GELATINA |
| 773 0# - ENTRADA ANALÍTICA | |
| Host Biblionumber | 4290 |
| Registro do item | 275632 |
| Imprenta | Fortaleza-CE Universidade Federal do Ceará. Centro de Ciências Agrárias 2002 |
| Outro identificador | 2023-437432 |
| Título | Revista Ciência Agronômica (Brazil) |
| ISSN | 0045-6888; 1806-6690 (on-line) |
| Colação | v. 53 p. 1-9; (2022) |
| Número de controle de registro | BR2023002242 |
| 856 ## - ACESSO E ENDEREÇO ELETRÔNICO | |
| Identificador uniforme de recurso - URI | https://www.scielo.br/j/rca/a/JfrKpmHYxqrwtLcHMSVYbbK/?format=pdf&lang=en |
Nenhum exemplar disponível.

BINAGRI